01414nab a2200205 i 4500001000400000003000400004005001700008008003900025040000800064080001000072100016200082245014800244260001000392500002100402520037300423650003300796700016300829700016400992773005201156BPPBPK20160412111718.0140228s1982 pl f |000 0 pol cBPK a621.5 aCZAPP, Marian.d1970 - 1996.bWyższa Szkoła Inżynierska w Koszalinie - Instytut Konstrukcji i Eksploatacji Maszyn,cZakład Termodynamiki i Chłodnictwa aPróba oceny profilu i zasięgu strumienia powietrza na wypływie z chłodnic wentylatorowych /cMarian Czapp, Henryk Charun, Tadeusz Bohdal. c1982. aDane z autopsji. aDokonano analizy wybranych problemów dotyczących różnic w ocenie profilu i zasięgu strumienia powietrza na wypływie z indywidualnych chłodnic wentylatorowych w stosunku do typowych rozwiązań stosowanych w technice wentylacyjnej. Na podstawie wyników przeprowadzonych badań przykładowo dla dwóch chłodnic ujęto próbę oceny ww. zagadnień. 0aChłodnictwo - urządzenia. aCHARUN, Henryk.d1970 - 1996.bWyższa Szkoła Inżynierska w Koszalinie - Instytut Konstrukcji i Eksploatacji Maszyn,cZakład Termodynamiki i Chłodnictwa aBOHDAL, Tadeusz.d1976 - 1996.bWyższa Szkoła Inżynierska w Koszalinie - Instytut Konstrukcji i Eksploatacji Maszyn,cZakład Termodynamiki i Chłodnictwa iW :tChłodnictwo. -g1982, R. 17, nr 5, s. 6-7